01449nam a2200337 a 4500001001100000003000800011006001900019007001500038008004100053010001700094020001500111020002300126040002100149035002100170050002300191082002200214100002300236245013200259260007100391300001500462500010200477504005100579533015200630650004500782651004900827651004500876655002900921710001700950856012500967999001901092ebr2002984CaPaEBRm u cr cn|||||||||990304s2000 enk sb 001 0 eng d z 99014621  z0333744756 z0312224222 (cloth) aCaPaEBRcCaPaEBR a(OCoLC)55942091114aUA770b.L96 2000eb04a355/.031/09472211 aLynch, Dov,d1970-10aRussian peacekeeping strategies in the CISh[electronic resource] :bthe cases of Moldova, Georgia and Tajikistan /cDov Lynch. aHoundmills, Basingstoke, Hampshire ;aNew York :bPalgrave,c2000. axi, 265 p. a"In association with the Royal Institute of International Affairs, Russia and Eurasia Programme." aIncludes bibliographical references and index. aElectronic reproduction.bPalo Alto, Calif. :cebrary,d2005.nAvailable via World Wide Web.nAccess may be limited to ebrary affiliated libraries. 0aPeacekeeping forceszRussia (Federation) 0aFormer Soviet republicsxMilitary relations. 0aRussia (Federation)xMilitary relations. 7aElectronic books.2local2 aebrary, Inc.40uhttp://site.ebrary.com/lib/rucke/Doc?id=2002984zAn electronic book accessible through the World Wide Web; click to view c123504d123504